00359pam a2200121 a 4500020000500000041000500005100001600010245005200026260002900078930000900107999001900116952010200135 c h aT.R. Baalu  aThe wildlife protection Act 1972 Second Edition bNatraj Publicationc2002 a1552 c247405d247405 001040708generalaEVPbEVPd2011-09-19l0o pEVP-1306r2023-04-03 00:00:00t1w2023-04-03yBK